000 00906nam a22002537i 4500
999 _c23138
_d23138
003 AR-CdUCM
008 241115b20242024 pe||||| |||| 00| 0 spa d
040 _aMUNICIPALIDAD PROVINCIAL DEL CUSCO
_cBIBLIOTECA MUNICIPAL DEL CUSCO
041 _hspa
082 _a869.03613 / M84Z
_bM84Z
100 _aMontes Ataucuri, Edmundo
_95216
245 _aEl zorro en el folklore Chumbivilcano /
260 _aCusco :
_c2024
300 _a185 páginas. :
_c21 cm.
505 _aEl zorro y sus apuestas -- El zorro mujeriego -- El zorro tonto -- El zorro con el puma -- El zorro músico -- El zorro y los dioses Canciones sobre el zorro -- Adivinanzas sobre el zorro
650 _aCuentos
_950839
650 _aLeyendas
_92226
650 _aCanciones
_914568
650 _aAdivinanzas
_934933
650 _aAnimal
_920231
650 _aZorro
_950840
942 _2ddc
_cLIBROS
945 _apbj
_d15-11-2024